Team Fortress 2 (TF2) Maps - Statistics

General Stats
  • This quiz has been taken 53 times
    17 since last reset
  • The average score is 69 of 216
Answer Stats
Gamemode Update Map % Correct
Capture the Flag Launch 2Fort
90%
Payload Heavy Update Badwater Basin
80%
Attack/Defend Launch Dustbowl
80%
Training Mac Update Dustbowl
80%
King of the Hill Haunted Hallowe'en Special Harvest
80%
Payload Engineer Update Upward
70%
Capture the Flag Summer 2024 Applejack
60%
Arena Heavy Update Badlands
60%
Control Points February 14, 2008 Patch Badlands
60%
King of the Hill Hatless Update Badlands
60%
Payload Race Engineer Update Hightower
60%
Territorial Control Launch Hydro
60%
Capture the Flag Invasion 2Fort Invasion
50%
Payload Summer 2025 Aquarius
50%
Payload Race Jungle Inferno Banana Bay
50%
King of the Hill Jungle Inferno Brazil
50%
Capture the Flag WAR! Update Doublecross
50%
King of the Hill Scream Fortress IV Ghost Fort
50%
Payload ---- ---- Update Gold Rush
50%
Attack/Defend Launch Gravel PIt
50%
King of the Hill Haunted Hallowe'en Special Harvest Event
50%
Attack/Defend Second Annu-Hell Scream FortressHauntdead Halloween Special Mann Manor
50%
Attack/Defend Jungle Inferno Mercenary Park
50%
Control Points Gun Mettle Powerhouse
50%
Arena Sniper vs. Spy Sawmill
50%
Capture the Flag Classless Update Sawmill
50%
King of the Hill Classless Update Sawmill
50%
Capture the Flag Pyro Update Turbine
50%
Arena Heavy Update Well
50%
Capture the Flag January 25, 2008 Patch Well
50%
Control Points Launch Well
50%
Control Points January 19, 2011 Patch 5Gorge
40%
Payload Gun Mettle Borneo
40%
Special Delivery Scream Fortress VI Carnival of Carnage
40%
Control Points Engineer Update Coldfront
40%
Medieval Mode Australian Christmas DeGroot Keep
40%
Special Delivery June 27, 2012 Patch Doomsday
40%
Attack/Defend Scout Update Egypt
40%
King of the Hill Very Scary Halloween Special Eyeaduct
40%
Control Points Pyro Update Fastlane
40%
Control Points April 28, 2010 Patch Freight
40%
Payload Community Map Pack Frontier
40%
Attack/Defend WAR! Update Gorge
40%
Mannpower Smissmas 2014 Gorge
40%
Attack/Defend Summer 2023 Hardwood
40%
Payload Sniper vs. Spy Hoodoo
40%
King of the Hill August 10, 2012 Patch Kong King
40%
King of the Hill Community Map Pack Lakeside
40%
Mann vs. Machine Two Cities Manhattan
40%
Versus Saxton Hale Smissmas 2024 Maul
40%
Attack/Defend Second Annu-Hell Scream FortressHauntdead Halloween Special Mountain Lab
40%
Arena Sniper vs. Spy Nucleus
40%
King of the Hill Classless Update Nucleus
40%
Versus Saxton Hale Summer 2023 Nucleus
40%
Capture the Flag Summer 2023 Pelican Peak
40%
Payload Summer 2023 Phoenix
40%
Payload Race Sniper vs. Spy Pipeline
40%
Mann vs. Machine Two Cities Rottenburg
40%
Player Destruction Summer 2023 Selbyen
40%
Attack/Defend Heavy Update Steel
40%
King of the Hill Gun Mettle Suijin
40%
Control Points Meet Your Match Sunshine
40%
Payload Meet Your Match Swiftwater
40%
King of the Hill Classless Update Viaduct
40%
Player Destruction Invasion Watergate
40%
Zombie Infection Scream Fortress XV Woods
40%
Control Points Classless Update Yukon
40%
Zombie Infection Scream Fortress XV Atoll
30%
Player Destruction Summer 2024 Atom Smash
30%
Mann vs. Machine Mecha Update Bigrock
30%
Payload Scream Fortress XII Bloodwater
30%
King of the Hill Summer 2025 Blowout
30%
Payload Smissmas 2021 Bread Space
30%
Arena Smissmas 2023 Brew
30%
Medieval Mode Summer 2024 Burghausen
30%
Attack/Defend Summer 2025 Cargo
30%
Arena Smissmas 2023 Carrier
30%
Payload Summer 2023 Cashworks
30%
King of the Hill Scream Fortress X Cauldron
30%
Payload Summer 2025 Citadel
30%
Mann vs. Machine Mann vs. Machine Coal Town
30%
Capture the Flag Scream Fortress XIV Crasher
30%
Player Destruction Scream Fortress X Cursed Cove
30%
King of the Hill Summer 2025 Demolition
30%
Zombie Infection Scream Fortress XV Devastation
30%
Versus Saxton Hale Summer 2023 Distillery
30%
Payload Summer 2024 Embargo
30%
Payload Jungle Inferno Enclosure
30%
Player Destruction Scream Fortress XIII Farmageddon
30%
Control Points Australian Christmas 2011 Foundry
30%
Mannpower Smissmas 2014 Foundry
30%
Control Points Scream Fortress XVI Freaky Fair
30%
Arena Heavy Update Granary
30%
Control Points Launch Granary
30%
Payload Scream Fortress XI Gravestone
30%
Arena Scream Fortress XIII Graveyard
30%
Control Points Manniversary Gullywash
30%
Capture the Flag Smissmas 2023 Haarp
30%
Payload Race Smissmas 2023 Hacksaw
30%
Payload Scream Fortress XII Hassle Castle
30%
Payload Race Scream Fortress V Helltower
30%
King of the Hill Tough Break Highpass
30%
Attack/Defend Scout Update Junction
30%
King of the Hill Smissmas 2023 Krampus
30%
Capture the Flag Tough Break Landfall
30%
King of the Hill Scream Fortress XI Laughter
30%
King of the Hill Jungle Inferno Lazarus
30%
King of the Hill Scream Fortress XIII Los Meurtos
30%
King of the Hill Summer 2025 Mannhole
30%
Player Destruction Scream Fortress XV Mannsylvania
30%
Control Points Meet Your Match Metalworks
30%
Player Destruction Scream Fortress X Monster Bash
30%
Payload Summer 2024 Odyssey
30%
Payload Smissmas 2024 Patagonia
30%
Capture the Flag Smissmas 2024 Penguin Peak
30%
Payload Smissmas 2020 Pier
30%
Capture the Flag Summer 2025 Pressure
30%
King of the Hill Invasion Probed
30%
Control Points July 10, 2013 Patch Process
30%
Control Points Summer 2023 Reckoner
30%
Medieval Mode Scream Fortress XV Sandcastle
30%
Zombie Infection Scream Fortress XV Sanitarium
30%
King of the Hill Summer 2023 Sharkbay
30%
Control Points Scream Fortress VII Sinshine
30%
Control Points Two Cities Snakewater
30%
King of the Hill Smissmas 2023 Snowtower
30%
Payload Tough Break Snowycoast
30%
Attack/Defend Scream Fortress XIV Spookeyridge
30%
Mannpower March 12, 2015 Patch Thunder Mountain
30%
Payload Engineer Update Thunder Mountain
30%
Payload Summer 2023 Venice
30%
Payload Smissmas 2020 Wutville
30%
Arena Scream Fortress XVII Afterlife
20%
Arena Smissmas 2021 Altitude
20%
Payload Über Update Barnblitz
20%
Zombie Infection Scream Fortress XVI Blazehattan
20%
King of the Hill Summer 2025 Boardwalk
20%
Payload Race Scream Fortress XIV Bonesaw
20%
PASS Time August 18, 2015 Patch Brickyard
20%
Payload Scream Fortress VIII Brimstone
20%
Arena Invasion Byre
20%
King of the Hill Summer 2024 Cachoeira
20%
Payload Smissmas 2023 Camber
20%
Control Points Summer 2024 Canaveral
20%
King of the Hill Smissmas 2021 Cascade
20%
Payload Smissmas 2021 Chilly
20%
Player Destruction Scream Fortress XVI Circus
20%
Arena Smissmas 2022 Coal Pit
20%
Attack/Defend Smissmas 2022 Coal Pit
20%
Attack/Defend Summer 2025 Conifer
20%
Payload Scream Fortress XV Corruption
20%
Control Points Scream Fortress XVII Cowerhouse
20%
Payload Race Smissmas 2024 Cutter
20%
Attack/Defend Scream Fortess XVI Darkmarsh
20%
Mann vs. Machine Mann vs. Machine Decoy
20%
Capture the Flag Scream Fortress XVII Devilcross
20%
PASS Time Meet Your Match District
20%
Capture the Flag Smissmas 2021 Doublefrost
20%
King of the Hill Scream Fortress XVII Dusker
20%
Tug of War Scream Fortress XVI Dynamite
20%
Payload Smissmas 2023 Emerge
20%
Attack/Defend Smissmas 2024 Fortezza
20%
Payload Smissmas 2022 Frostcliff
20%
Attack/Defend Smissmas 2022 Frostwatch
20%
Capture the Flag Smissmas 2022 Frosty
20%
Attack/Defend Summer 2025 Fulgur
20%
Player Destruction Smissmas 2023 Galleria
20%
Mann vs. Machine Scream Fortress IV Ghost Town
20%
Payload Scream Fortress XIV Ghoulpit
20%
Attack/Defend Scream Fortress VII Gorge Event
20%
Attack/Defend Summer 2024 Hadal
20%
Mannpower Scream Fortress VII Hellfire
20%
Payload Scream Fortress VII Hellstone
20%
Capture the Flag Scream Fortress XIV Helltrain
20%
Attack/Defend Scream Fortess XV Lava Pit
20%
Arena Heavy Update Lumberyard
20%
Mann vs. Machine Mann vs. Machine Mannworks
20%
King of the Hill Scream Fortress VIII Maple Ridge Event
20%
Hold the Flag Scream Fortress XVII Marshlands
20%
King of the Hill Scream Fortress XII Megalo
20%
King of the Hill Summer 2024 Megaton
20%
King of the Hill Scream Fortress XII Moldergrove
20%
King of the Hill Scream Fortress VII Moonshine Event
20%
Attack/Defend Jungle Inferno Mossrock
20%
Zombie Infection Scream Fortress XV Murky
20%
Payload Race Community Map Pack Nightfall
20%
Arena Classless Update Offblast
20%
Versus Saxton Hale Scream Fortress XVI Outburst
20%
King of the Hill Smissmas 2024 Overcast
20%
Attack/Defend Summer 2024 Overgrown
20%
Arena Scream Fortess XV Perks
20%
Player Destruction Scream Fortress VIII Pit of Death
20%
Payload Smissmas 2021 Polar
20%
Payload Scream Fortress XI Precipice
20%
Arena Heavy Update Ravine
20%
King of the Hill Summer 2023 Rotunda
20%
Payload Smissmas 2022 Rumford
20%
King of the Hill Scream Fortress XIII Sinthetic
20%
Versus Saxton Hale Summer 2023 Skirmish
20%
King of the Hill Scream Fortress X Slasher
20%
King of the Hill Scream Fortress XV Slime
20%
Capture the Flag Smissmas 2020 Snowfall
20%
Attack/Defend Gun Mettle Snowplow
20%
Player Destruction Smissmas 2020 SnowVille
20%
King of the Hill Scream Fortress XIV Soul-Mill
20%
Payload Scream Fortress XV Spineyard
20%
Domination July 10, 2013 Patch Standin
20%
Attack/Defend Summer 2023 Sulfur
20%
Training Mac Update Target
20%
Payload Scream Fotress XIII Terror
20%
PASS Time November 25, 2015 Patch Timbertown
20%
Versus Saxton Hale Summer 2023 Tiny Rock
20%
King of the Hill Scream Fortress XVI Toxic
20%
Capture the Flag Smissmas 2023 Turbine Center
20%
Control Points Tough Break Vanguard
20%
Arena Scout Update Watchtower
20%
No matching quizzes found
Score Distribution
Percent of People with Each Score
Percentile by Number Answered
Your Score History
You have not taken this quiz since the last reset